<?xml version="1.0" encoding="UTF-8"?>
<collection xmlns="http://www.loc.gov/MARC21/slim">
<record>
  <controlfield tag="001">150967</controlfield>
  <controlfield tag="005">20251017144609.0</controlfield>
  <datafield tag="024" ind1="7" ind2=" ">
    <subfield code="2">doi</subfield>
    <subfield code="a">10.3390/vaccines9111321</subfield>
  </datafield>
  <datafield tag="024" ind1="8" ind2=" ">
    <subfield code="2">sideral</subfield>
    <subfield code="a">125373</subfield>
  </datafield>
  <datafield tag="037" ind1=" " ind2=" ">
    <subfield code="a">ART-2021-125373</subfield>
  </datafield>
  <datafield tag="041" ind1=" " ind2=" ">
    <subfield code="a">eng</subfield>
  </datafield>
  <datafield tag="100" ind1=" " ind2=" ">
    <subfield code="a">Iguacel, Isabel</subfield>
    <subfield code="u">Universidad de Zaragoza</subfield>
    <subfield code="0">(orcid)0000-0003-4242-5464</subfield>
  </datafield>
  <datafield tag="245" ind1=" " ind2=" ">
    <subfield code="a">Association between COVID-19 Vaccine Side Effects and Body Mass Index in Spain</subfield>
  </datafield>
  <datafield tag="260" ind1=" " ind2=" ">
    <subfield code="c">2021</subfield>
  </datafield>
  <datafield tag="506" ind1="0" ind2=" ">
    <subfield code="a">Access copy available to the general public</subfield>
    <subfield code="f">Unrestricted</subfield>
  </datafield>
  <datafield tag="520" ind1="3" ind2=" ">
    <subfield code="a">COVID-19 vaccines have shown high efficacy, with most side effects being mild-moderate and more frequently reported by females and people at younger ages. Since no studies have assessed the impact that weight status could have on the reported adverse reactions, we aim to study the association between weight status and reported side effects. We included data on 2136 adults from an online survey conducted from 6 May to 9 June 2021. The questionnaire was filled in by participants over Google forms. Generalized Linear Mixed Models were used. A higher risk of presenting fever \u226538\u00b0, vomiting, diarrhea and chills was found in those with a non-overweight status compared to those overweight after adjusting for age, sex, education, medication to preventrelieve post-vaccination effects and vaccine administered. When adjusting, most of the significant effects, in the association between side effects of the COVID-19 vaccine and weight status, did not remain significant. In conclusion, a non-overweight status was associated with a higher risk of presenting fever \u226538\u00b0, vomiting, diarrhea and chills compared to those overweight. Nevertheless, most of the reported side effects to COVID-19 vaccine were not associated with a higher risk of presenting more adverse effects, and individual differences were determined by sex and age.</subfield>
  </datafield>
  <datafield tag="540" ind1=" " ind2=" ">
    <subfield code="9">info:eu-repo/semantics/openAccess</subfield>
    <subfield code="a">by</subfield>
    <subfield code="u">https://creativecommons.org/licenses/by/4.0/deed.es</subfield>
  </datafield>
  <datafield tag="590" ind1=" " ind2=" ">
    <subfield code="a">4.961</subfield>
    <subfield code="b">2021</subfield>
  </datafield>
  <datafield tag="591" ind1=" " ind2=" ">
    <subfield code="a">MEDICINE, RESEARCH &amp; EXPERIMENTAL</subfield>
    <subfield code="b">59 / 139 = 0.424</subfield>
    <subfield code="c">2021</subfield>
    <subfield code="d">Q2</subfield>
    <subfield code="e">T2</subfield>
  </datafield>
  <datafield tag="591" ind1=" " ind2=" ">
    <subfield code="a">IMMUNOLOGY</subfield>
    <subfield code="b">77 / 162 = 0.475</subfield>
    <subfield code="c">2021</subfield>
    <subfield code="d">Q2</subfield>
    <subfield code="e">T2</subfield>
  </datafield>
  <datafield tag="592" ind1=" " ind2=" ">
    <subfield code="a">1.004</subfield>
    <subfield code="b">2021</subfield>
  </datafield>
  <datafield tag="593" ind1=" " ind2=" ">
    <subfield code="a">Drug Discovery</subfield>
    <subfield code="c">2021</subfield>
    <subfield code="d">Q1</subfield>
  </datafield>
  <datafield tag="593" ind1=" " ind2=" ">
    <subfield code="a">Pharmacology</subfield>
    <subfield code="c">2021</subfield>
    <subfield code="d">Q1</subfield>
  </datafield>
  <datafield tag="593" ind1=" " ind2=" ">
    <subfield code="a">Infectious Diseases</subfield>
    <subfield code="c">2021</subfield>
    <subfield code="d">Q1</subfield>
  </datafield>
  <datafield tag="593" ind1=" " ind2=" ">
    <subfield code="a">Immunology</subfield>
    <subfield code="c">2021</subfield>
    <subfield code="d">Q1</subfield>
  </datafield>
  <datafield tag="594" ind1=" " ind2=" ">
    <subfield code="a">4.5</subfield>
    <subfield code="b">2021</subfield>
  </datafield>
  <datafield tag="655" ind1=" " ind2="4">
    <subfield code="a">info:eu-repo/semantics/article</subfield>
    <subfield code="v">info:eu-repo/semantics/publishedVersion</subfield>
  </datafield>
  <datafield tag="700" ind1=" " ind2=" ">
    <subfield code="a">Luna Maldonado, Aurelio</subfield>
  </datafield>
  <datafield tag="700" ind1=" " ind2=" ">
    <subfield code="a">Luna Ruiz-Cabello, Aurelio</subfield>
  </datafield>
  <datafield tag="700" ind1=" " ind2=" ">
    <subfield code="a">Casaus, Marta</subfield>
  </datafield>
  <datafield tag="700" ind1=" " ind2=" ">
    <subfield code="a">Moreno, Luis Alberto</subfield>
    <subfield code="u">Universidad de Zaragoza</subfield>
    <subfield code="0">(orcid)0000-0003-0454-653X</subfield>
  </datafield>
  <datafield tag="700" ind1=" " ind2=" ">
    <subfield code="a">Martínez-Jarreta, Begoña</subfield>
    <subfield code="u">Universidad de Zaragoza</subfield>
    <subfield code="0">(orcid)0000-0001-6469-9189</subfield>
  </datafield>
  <datafield tag="710" ind1="2" ind2=" ">
    <subfield code="1">1006</subfield>
    <subfield code="2">255</subfield>
    <subfield code="a">Universidad de Zaragoza</subfield>
    <subfield code="b">Dpto. Fisiatría y Enfermería</subfield>
    <subfield code="c">Área Enfermería</subfield>
  </datafield>
  <datafield tag="710" ind1="2" ind2=" ">
    <subfield code="1">1012</subfield>
    <subfield code="2">613</subfield>
    <subfield code="a">Universidad de Zaragoza</subfield>
    <subfield code="b">Dpto. Farmac.Fisiol.y Med.L.F.</subfield>
    <subfield code="c">Área Medicina Legal y Forense</subfield>
  </datafield>
  <datafield tag="773" ind1=" " ind2=" ">
    <subfield code="g">9, 11 (2021), 1321 [12 pp.]</subfield>
    <subfield code="t">Vaccines</subfield>
    <subfield code="x">2076-393X</subfield>
  </datafield>
  <datafield tag="856" ind1="4" ind2=" ">
    <subfield code="s">281061</subfield>
    <subfield code="u">http://zaguan.unizar.es/record/150967/files/texto_completo.pdf</subfield>
    <subfield code="y">Versión publicada</subfield>
  </datafield>
  <datafield tag="856" ind1="4" ind2=" ">
    <subfield code="s">2667209</subfield>
    <subfield code="u">http://zaguan.unizar.es/record/150967/files/texto_completo.jpg?subformat=icon</subfield>
    <subfield code="x">icon</subfield>
    <subfield code="y">Versión publicada</subfield>
  </datafield>
  <datafield tag="909" ind1="C" ind2="O">
    <subfield code="o">oai:zaguan.unizar.es:150967</subfield>
    <subfield code="p">articulos</subfield>
    <subfield code="p">driver</subfield>
  </datafield>
  <datafield tag="951" ind1=" " ind2=" ">
    <subfield code="a">2025-10-17-14:16:23</subfield>
  </datafield>
  <datafield tag="980" ind1=" " ind2=" ">
    <subfield code="a">ARTICLE</subfield>
  </datafield>
</record>
</collection>